[Event "Wch Rapid"]
[Site "Dubai"]
[Date "2014.06.18"]
[Round "12"]
[White "Taleb, Moussa"]
[Black "Fier, Alexandr"]
[Result "1-0"]
[WhiteElo "2406"]
[BlackElo "2580"]
[PlyCount "59"]
[EventDate "2014.06.16"]
[EventType "swiss (rapid)"]
[EventRounds "15"]
[EventCountry "UAE"]
[SourceTitle "CBM 160 Extra"]
[Source "ChessBase"]
[SourceDate "2014.07.01"]
[SourceVersion "1"]
[SourceVersionDate "2014.07.01"]
[SourceQuality "1"]

1. Nf3 d5 2. d4 c6 3. c3 g6 4. Bf4 Bg7 5. Nbd2 Nf6 6. e3 0-0 7. h3 Ne4 8. Nxe4 dxe4 9. Nd2 f5 10. h4 h6 11. g4 Kh7 12. gxf5 gxf5 13. Rg1 Nd7 14. Qh5 Rf6 15. Be5 Qf8 16. Bxf6 Qxf6 17. f3 exf3 18. Nxf3 Nf8 19. 0-0-0 Bd7 20. Bd3 e6 21. Ng5+ Kg8 22. Nh3 Be8 23. Qf3 c5 24. Nf4 cxd4 25. cxd4 Qf7 26. Rg3 e5 27. Rdg1 exf4 28. Rxg7+ Qxg7 29. Rxg7+ Kxg7 30. Qxb7+ 1-0

[Event "Wch Rapid"]
[Site "Dubai"]
[Date "2014.06.17"]
[Round "8"]
[White "Alahakoon, Isuru"]
[Black "Taleb, Moussa"]
[Result "0-1"]
[WhiteElo "2123"]
[BlackElo "2406"]
[PlyCount "108"]
[EventDate "2014.06.16"]
[EventType "swiss (rapid)"]
[EventRounds "15"]
[EventCountry "UAE"]
[SourceTitle "CBM 160 Extra"]
[Source "ChessBase"]
[SourceDate "2014.07.01"]
[SourceVersion "1"]
[SourceVersionDate "2014.07.01"]
[SourceQuality "1"]

1. e4 c5 2. Nf3 e6 3. d4 cxd4 4. Nxd4 a6 5. Nc3 Qc7 6. g3 Bb4 7. Nde2 Nf6 8. Bg2 0-0 9. 0-0 Be7 10. h3 d6 11. g4 Nc6 12. g5 Nd7 13. f4 Re8 14. Ng3 b5 15. h4 b4 16. Nce2 Bb7 17. h5 Bf8 18. Kh1 Rac8 19. Ng1 Ne7 20. Rf2 d5 21. e5 Nc5 22. Qe1 Qc6 23. N1e2 Nf5 24. Nxf5 exf5 25. Nd4 Qd7 26. g6 Ne4 27. gxh7+ Kxh7 28. Re2 Bc5 29. Be3 Bxd4 30. Bxd4 Rc4 31. c3 bxc3 32. bxc3 Rec8 33. Bxe4 dxe4 34. Qg3 Qe6 35. Rg1 Rg8 36. Re3 Ra4 37. Qg5 Rxa2 38. Rb1 Bc6 39. Kg1 Ra5 40. Rg3 e3 41. Bxe3 Ra2 42. c4 Be4 43. Rd1 Qxc4 44. Re1 Qc2 45. Qh4 Bd5 46. Rg5 Qe4 47. Bf2 Qf3 48. Rf1 Bc4 49. Rc1 Bd5 50. Rf1 Rc8 51. Rg3 Qe4 52. Re1 Re2 53. Rf1 Rc3 54. Kh2 Rxf2+ 0-1

[Event "Wch Rapid"]
[Site "Dubai"]
[Date "2014.06.17"]
[Round "10"]
[White "Goloshchapov, Alexander"]
[Black "Taleb, Moussa"]
[Result "1-0"]
[WhiteElo "2586"]
[BlackElo "2406"]
[PlyCount "119"]
[EventDate "2014.06.16"]
[EventType "swiss (rapid)"]
[EventRounds "15"]
[EventCountry "UAE"]
[SourceTitle "CBM 160 Extra"]
[Source "ChessBase"]
[SourceDate "2014.07.01"]
[SourceVersion "1"]
[SourceVersionDate "2014.07.01"]
[SourceQuality "1"]

1. d4 Nf6 2. c4 e6 3. Nf3 Bb4+ 4. Nbd2 0-0 5. a3 Bxd2+ 6. Qxd2 d6 7. e3 b6 8. Be2 Bb7 9. 0-0 Nbd7 10. b4 Ne4 11. Qc2 f5 12. d5 e5 13. Nd2 Nxd2 14. Bxd2 Qe7 15. f3 Rf6 16. Bd3 Raf8 17. Bc3 Qf7 18. f4 e4 19. Be2 Rh6 20. a4 Qe7 21. h3 Rg6 22. Kh2 Nf6 23. g3 Rh6 24. Kg2 Nh5 25. Bxh5 Rxh5 26. Rh1 g5 27. Qd2 gxf4 28. exf4 Kf7 29. Rae1 Rh6 30. Re3 Rg6 31. Kf2 Rc8 32. b5 Rcg8 33. Qe2 Rh6 34. a5 bxa5 35. Bxa5 a6 36. b6 cxb6 37. Bxb6 Rc8 38. Bd4 Qc7 39. Rb3 Ba8 40. Rc3 a5 41. Kg2 Rb8 42. Kh2 Rg6 43. Rhc1 a4 44. Qh5 Kg8 45. Qxf5 Re8 46. Re1 a3 47. Rxe4 Rf8 48. Qh5 a2 49. Qd1 Qd7 50. Ra3 Qf5 51. Qe2 Bb7 52. Rxa2 Bc8 53. g4 Qf7 54. f5 Bxf5 55. gxf5 Qxf5 56. Rg4 Rxg4 57. Qxg4+ Qxg4 58. hxg4 Rf4 59. Rd2 Rxg4 60. Rg2 1-0

[Event "UAE President Cup 13th"]
[Site "Dubai"]
[Date "2007.01.24"]
[Round "6"]
[White "Taleb, Moussa"]
[Black "Othman, A Moussa"]
[Result "1/2-1/2"]
[WhiteElo "2377"]
[BlackElo "2324"]
[PlyCount "90"]
[EventDate "2007.01.18"]
[EventType "swiss"]
[EventRounds "9"]
[EventCountry "UAE"]
[SourceTitle "EXT 2018"]
[Source "ChessBase"]
[SourceDate "2017.10.13"]
[SourceVersion "1"]
[SourceVersionDate "2017.10.13"]
[SourceQuality "1"]

1. e4 d6 2. d4 Nf6 3. Nc3 g6 4. Bg5 Nbd7 5. Qd2 c6 6. 0-0-0 Qa5 7. Nf3 b5 8. Bd3 Bg7 9. Kb1 Rb8 10. Rhe1 h6 11. Bxf6 Nxf6 12. Nd5 Qxd2 13. Nxf6+ Bxf6 14. Rxd2 Bg7 15. e5 0-0 16. h3 c5 17. dxc5 dxc5 18. Be4 g5 19. Rd5 c4 20. Rc5 Rd8 21. Rc7 Rd7 22. Rc5 Ba6 23. e6 fxe6 24. Ne5 Bxe5 25. Rxe5 Rb6 26. Bf3 Rdd6 27. h4 gxh4 28. Rh5 Kg7 29. Rxh4 Bb7 30. Bxb7 Rxb7 31. Rg4+ Kh7 32. a3 Rbd7 33. Kc1 Rd2 34. Rf4 a6 35. a4 e5 36. Rf5 Kg6 37. Rfxe5 Rxf2 38. Rxe7 Rdd2 39. R7e6+ Kg5 40. R1e5+ Kf4 41. Re4+ Kf5 42. R6e5+ Kg6 43. Re6+ Kg5 44. R6e5+ Kf6 45. Re6+ Kg7 1/2-1/2

[Event "UAE President Cup 13th"]
[Site "Dubai"]
[Date "2007.01.20"]
[Round "3"]
[White "Waleed, Yousif"]
[Black "Taleb, Moussa"]
[Result "0-1"]
[WhiteElo "2019"]
[BlackElo "2377"]
[PlyCount "62"]
[EventDate "2007.01.18"]
[EventType "swiss"]
[EventRounds "9"]
[EventCountry "UAE"]
[SourceTitle "EXT 2018"]
[Source "ChessBase"]
[SourceDate "2017.10.13"]
[SourceVersion "1"]
[SourceVersionDate "2017.10.13"]
[SourceQuality "1"]

1. e4 c5 2. Nc3 Nc6 3. g3 g6 4. Bg2 Bg7 5. d3 d6 6. Be3 Rb8 7. Rb1 b5 8. a3 Nd4 9. Qd2 a5 10. a4 b4 11. Nce2 b3 12. Bxd4 bxc2 13. Qxc2 cxd4 14. Nf3 e5 15. Nd2 Ne7 16. 0-0 0-0 17. f4 Bg4 18. Nc4 f6 19. Nc1 d5 20. exd5 Nxd5 21. fxe5 Kh8 22. Nb3 Ne3 23. Nxe3 dxe3 24. Rf4 Bf5 25. Nc5 fxe5 26. Rc4 e4 27. Bxe4 Bh3 28. Qe2 Bd4 29. Bf3 Qf6 30. Rxd4 Qxd4 31. Ne4 Rb3 0-1

[Event "Asia rap (Men) 15th"]
[Site "Doha"]
[Date "2006.12.04"]
[Round "7"]
[White "Laylo, Darwin"]
[Black "Taleb, Moussa"]
[Result "1-0"]
[WhiteElo "2448"]
[BlackElo "2365"]
[PlyCount "82"]
[EventDate "2006.12.02"]
[EventType "swiss (rapid)"]
[EventRounds "9"]
[EventCountry "QAT"]
[SourceTitle "CBM 115 Extra"]
[Source "ChessBase"]
[SourceDate "2007.01.10"]
[SourceVersion "1"]
[SourceVersionDate "2007.01.10"]
[SourceQuality "1"]

1. c4 Nf6 2. Nc3 e5 3. g3 Bb4 4. Bg2 Bxc3 5. bxc3 0-0 6. e4 d6 7. Ne2 Nbd7 8. 0-0 a6 9. h3 b5 10. cxb5 axb5 11. d3 Bb7 12. g4 Nb6 13. f4 exf4 14. Bxf4 Nfd7 15. g5 Nc5 16. h4 Ne6 17. Be3 c5 18. Qc2 Qd7 19. Nf4 Nxf4 20. Rxf4 d5 21. Bxc5 dxe4 22. Bxb6 exd3 23. Qf2 Bxg2 24. Qxg2 d2 25. Bd4 Rxa2 26. Rd1 Qe6 27. Qf2 Re8 28. Rxd2 Rxd2 29. Qxd2 Qh3 30. Qf2 Ra8 31. Re4 Ra1+ 32. Re1 Qg4+ 33. Kh2 Ra8 34. Rf1 Qh5 35. Kg3 Qg6 36. Qf5 Qh5 37. Qxb5 h6 38. Qe5 Qg6 39. Qf5 Qd6+ 40. Kh3 Qe7 41. gxh6 Re8 1-0

[Event "Asia rap (Men) 15th"]
[Site "Doha"]
[Date "2006.12.04"]
[Round "8"]
[White "Taleb, Moussa"]
[Black "Hassan, Abdullah"]
[Result "1/2-1/2"]
[WhiteElo "2365"]
[BlackElo "2311"]
[PlyCount "72"]
[EventDate "2006.12.02"]
[EventType "swiss (rapid)"]
[EventRounds "9"]
[EventCountry "QAT"]
[SourceTitle "CBM 115 Extra"]
[Source "ChessBase"]
[SourceDate "2007.01.10"]
[SourceVersion "1"]
[SourceVersionDate "2007.01.10"]
[SourceQuality "1"]

1. Nf3 b6 2. g3 Bb7 3. Bg2 e6 4. 0-0 Nf6 5. c4 Be7 6. Nc3 0-0 7. Qc2 c5 8. e3 Nc6 9. d4 cxd4 10. exd4 Rc8 11. Qa4 Na5 12. c5 bxc5 13. dxc5 Rxc5 14. Be3 Rc4 15. Qc2 a6 16. Qd3 Qa8 17. Bb6 Rxc3 18. bxc3 Be4 19. Qe2 Nc6 20. Bd4 e5 21. Be3 d5 22. Bg5 h6 23. Bxf6 Bxf6 24. Nd2 Bxg2 25. Kxg2 d4 26. Ne4 Be7 27. f3 f5 28. Nf2 dxc3 29. Qc4+ Kh8 30. Qxc3 Nd4 31. Rad1 Bf6 32. Qd3 h5 33. Rc1 g5 34. Rc4 g4 35. Rxd4 exd4 36. Re1 Be5 1/2-1/2

[Event "Asia rap (Men) 15th"]
[Site "Doha"]
[Date "2006.12.03"]
[Round "6"]
[White "Taleb, Moussa"]
[Black "Galappaththi, Chinthaka Anuruddh"]
[Result "1-0"]
[WhiteElo "2365"]
[BlackElo "2167"]
[PlyCount "89"]
[EventDate "2006.12.02"]
[EventType "swiss (rapid)"]
[EventRounds "9"]
[EventCountry "QAT"]
[SourceTitle "CBM 115 Extra"]
[Source "ChessBase"]
[SourceDate "2007.01.10"]
[SourceVersion "1"]
[SourceVersionDate "2007.01.10"]
[SourceQuality "1"]

1. Nf3 Nf6 2. d4 e6 3. Bg5 Be7 4. Nbd2 d5 5. e3 0-0 6. Bd3 Nbd7 7. h4 h6 8. Bxf6 Bxf6 9. g4 Be7 10. g5 h5 11. g6 fxg6 12. Bxg6 Nf6 13. Ne5 Bd6 14. Bxh5 Nxh5 15. Qxh5 Rf5 16. Qg6 Bxe5 17. dxe5 Qf8 18. Qg3 c5 19. h5 Kh8 20. f4 Bd7 21. h6 gxh6 22. Qg6 Qg7 23. Rxh6+ Kg8 24. 0-0-0 Qxg6 25. Rxg6+ Kf7 26. Rdg1 Rh8 27. Nf3 d4 28. Rg7+ Ke8 29. Ng5 dxe3 30. Ne4 Kd8 31. Nxc5 Bc8 32. Rd1+ Ke8 33. Rc7 Rhf8 34. Rxc8+ Kf7 35. Rc7+ Kg6 36. Nxe6 R8f7 37. Rg1+ Kh6 38. Rxf7 Rxf7 39. Rg3 e2 40. Kd2 Re7 41. f5 Kh5 42. Kxe2 Kh4 43. Rg8 Rd7 44. Nf4 Rd4 45. Ke1 1-0

[Event "Dubai op 08th"]
[Site "Dubai"]
[Date "2006.05.01"]
[Round "9"]
[White "Amanov, Mesgen"]
[Black "Taleb, Moussa"]
[Result "1-0"]
[WhiteElo "2305"]
[BlackElo "2452"]
[PlyCount "91"]
[EventDate "2006.04.23"]
[EventType "swiss"]
[EventRounds "9"]
[EventCountry "UAE"]
[SourceTitle "EXT 2007"]
[Source "ChessBase"]
[SourceDate "2006.11.23"]
[SourceVersion "1"]
[SourceVersionDate "2006.11.23"]
[SourceQuality "1"]

1. d4 Nf6 2. Nf3 e6 3. g3 b6 4. Bg2 Bb7 5. c4 Bb4+ 6. Bd2 Be7 7. 0-0 0-0 8. Nc3 d5 9. Ne5 h6 10. Rc1 c6 11. Bf4 Nfd7 12. cxd5 cxd5 13. e4 Nxe5 14. Bxe5 dxe4 15. Bxe4 Bxe4 16. Nxe4 f5 17. Qb3 Kf7 18. Nc3 Nc6 19. Rfe1 Na5 20. Qd1 Kg8 21. d5 exd5 22. Nxd5 Rf7 23. b4 Bg5 24. f4 Rd7 25. bxa5 Rxd5 26. Qb3 Kh7 27. fxg5 hxg5 28. Rcd1 Rxd1 29. Qxd1 Qe7 30. Bc3 Qf7 31. Qd6 Re8 32. Rxe8 Qxe8 33. Qe5 Qd7 34. Qd4 Qf7 35. axb6 axb6 36. a4 f4 37. Qxb6 fxg3 38. hxg3 Qf3 39. Qc7 Qe3+ 40. Kf1 Qf3+ 41. Ke1 Qe4+ 42. Kd2 Qg2+ 43. Kc1 Qf1+ 44. Kb2 Qf2+ 45. Kb3 Kg6 46. g4 1-0

[Event "Arab-chT Clubs"]
[Site "Amman"]
[Date "2006.05.??"]
[Round "4"]
[White "Smirnov, Igor"]
[Black "Taleb, Moussa"]
[Result "1-0"]
[WhiteElo "2440"]
[BlackElo "2452"]
[PlyCount "97"]
[EventDate "2006.05.??"]
[EventType "team"]
[EventRounds "8"]
[EventCountry "JOR"]
[SourceTitle "CBM 112 Extra"]
[Source "ChessBase"]
[SourceDate "2006.07.14"]
[SourceVersion "1"]
[SourceVersionDate "2006.07.14"]
[SourceQuality "1"]

1. e4 c5 2. Nf3 d6 3. d4 cxd4 4. Nxd4 Nf6 5. Nc3 Nc6 6. Bg5 e6 7. Qd2 a6 8. 0-0-0 Bd7 9. f4 h6 10. Bh4 Nxe4 11. Qe1 Nf6 12. Nf5 Qa5 13. Nxd6+ Bxd6 14. Rxd6 0-0-0 15. Rd1 Be8 16. Rxd8+ Qxd8 17. Be2 Ne7 18. Qf2 Qc7 19. Rd1 Bc6 20. Bxf6 gxf6 21. g3 Rd8 22. Rxd8+ Qxd8 23. Bh5 Ng6 24. Qe3 Qd6 25. b3 f5 26. Kb2 Kb8 27. a4 Kc8 28. Nb1 Kc7 29. Nd2 e5 30. fxe5 Qxe5+ 31. Qxe5+ Nxe5 32. Kc3 Bd5 33. Kd4 Kd6 34. c4 Bg2 35. b4 f6 36. c5+ Ke6 37. b5 axb5 38. axb5 Bh1 39. Be2 Bd5 40. Nc4 Bg2 41. Ne3 Bf3 42. Bc4+ Nxc4 43. Nxc4 Bg2 44. Na5 Bd5 45. b6 Bg2 46. Nc4 Bf3 47. Nd6 Bg2 48. Ne8 Bf3 49. Ng7+ 1-0

[Event "Arab-chT Clubs"]
[Site "Amman"]
[Date "2006.05.??"]
[Round "3"]
[White "Taleb, Moussa"]
[Black "Aboudi, Marwan"]
[Result "1-0"]
[WhiteElo "2452"]
[BlackElo "2177"]
[PlyCount "62"]
[EventDate "2006.05.??"]
[EventType "team"]
[EventRounds "8"]
[EventCountry "JOR"]
[SourceTitle "CBM 112 Extra"]
[Source "ChessBase"]
[SourceDate "2006.07.14"]
[SourceVersion "1"]
[SourceVersionDate "2006.07.14"]
[SourceQuality "1"]

1. d4 Nf6 2. c4 e6 3. Nc3 d5 4. Nf3 Be7 5. g3 Nbd7 6. Bg2 0-0 7. cxd5 exd5 8. 0-0 c6 9. Qc2 Re8 10. Rd1 Nf8 11. b3 Qd7 12. Qb2 Ng6 13. b4 a6 14. a4 Qf5 15. Bg5 Ne4 16. Bxe7 Nxc3 17. Qxc3 Rxe7 18. Bf1 Bd7 19. Qc5 Ree8 20. Rd3 h5 21. Raa3 h4 22. Qb6 hxg3 23. hxg3 Rab8 24. Re3 Qf6 25. Rxe8+ Bxe8 26. Bh3 Qd8 27. Qa7 Kf8 28. Re3 Qd6 29. a5 Qc7 30. Qc5+ Ne7 31. Ng5 Qd8 1-0

[Event "Arab-chT Clubs"]
[Site "Amman"]
[Date "2006.05.??"]
[Round "7"]
[White "Taleb, Moussa"]
[Black "El Gindy, Essam"]
[Result "1/2-1/2"]
[WhiteElo "2452"]
[BlackElo "2510"]
[PlyCount "44"]
[EventDate "2006.05.??"]
[EventType "team"]
[EventRounds "8"]
[EventCountry "JOR"]
[SourceTitle "CBM 112 Extra"]
[Source "ChessBase"]
[SourceDate "2006.07.14"]
[SourceVersion "1"]
[SourceVersionDate "2006.07.14"]
[SourceQuality "1"]

1. c4 Nf6 2. Nc3 c5 3. Nf3 Nc6 4. d4 cxd4 5. Nxd4 a6 6. Bg5 e6 7. e3 Be7 8. Rc1 0-0 9. Be2 d6 10. 0-0 Bd7 11. Qd2 Qa5 12. Nf3 Rfd8 13. Rfd1 Be8 14. Bh4 Kh8 15. a3 Rac8 16. Rc2 h6 17. Qc1 Qb6 18. b4 Qa7 19. Nd5 exd5 20. cxd5 Qb8 21. dxc6 Bxc6 22. Rd4 Ba4 1/2-1/2

[Event "Asia-ch 5th"]
[Site "Hyderabad"]
[Date "2005.10.15"]
[Round "9"]
[White "Xie, George Wendi"]
[Black "Taleb, Moussa"]
[Result "1-0"]
[WhiteElo "2340"]
[BlackElo "2510"]
[PlyCount "100"]
[EventDate "2005.10.05"]
[EventType "swiss"]
[EventRounds "9"]
[EventCountry "IND"]
[SourceTitle "CBM 110"]
[Source "ChessBase"]
[SourceDate "2006.01.31"]
[SourceVersion "1"]
[SourceVersionDate "2006.01.31"]
[SourceQuality "1"]

1. e4 c5 2. Nc3 Nc6 3. Bb5 g6 4. Bxc6 bxc6 5. d3 Bg7 6. f4 d6 7. Nf3 Nh6 8. 0-0 Rb8 9. Qe1 0-0 10. b3 f6 11. Bd2 e5 12. Rd1 Nf7 13. Na4 exf4 14. Bxf4 Ne5 15. Kh1 Rb7 16. Qg3 Rbf7 17. Rde1 Qa5 18. c3 Re8 19. Nd2 Ba6 20. Re3 Rd7 21. d4 cxd4 22. cxd4 Nf7 23. Rc3 Bb5 24. Nc4 Qd8 25. Nd2 Rde7 26. h3 g5 27. Be3 Qa5 28. Rfc1 h6 29. Bg1 d5 30. exd5 Bxa4 31. d6 Nxd6 32. Qxd6 Bb5 33. a4 Ba6 34. Nc4 Qf5 35. Qxc6 Bxc4 36. Qxc4+ Kh8 37. Qd3 Qd7 38. d5 f5 39. d6 Re6 40. Rc7 Qxd6 41. Qxd6 Rxd6 42. Rxa7 Rd2 43. a5 Bb2 44. Rb1 Red8 45. a6 Bd4 46. Bxd4+ R2xd4 47. Rb7 g4 48. a7 g3 49. Rb8 Kg7 50. Rxd8 Rxd8 1-0

[Event "Asia-ch 5th"]
[Site "Hyderabad"]
[Date "2005.10.09"]
[Round "4"]
[White "Taleb, Moussa"]
[Black "Himanshu, Sharma"]
[Result "0-1"]
[WhiteElo "2510"]
[BlackElo "2391"]
[PlyCount "76"]
[EventDate "2005.10.05"]
[EventType "swiss"]
[EventRounds "9"]
[EventCountry "IND"]
[SourceTitle "CBM 110"]
[Source "ChessBase"]
[SourceDate "2006.01.31"]
[SourceVersion "1"]
[SourceVersionDate "2006.01.31"]
[SourceQuality "1"]

1. Nf3 d5 2. d4 Nf6 3. c3 Bf5 4. Qb3 Qc8 5. c4 e6 6. Nc3 c6 7. Bf4 Nbd7 8. Rc1 Be7 9. h3 dxc4 10. Qxc4 Nd5 11. Bd2 N7b6 12. Qb3 0-0 13. e3 Nxc3 14. Bxc3 Nd5 15. Bd2 a5 16. a3 a4 17. Qd1 Qd8 18. Ne5 f6 19. Nd3 Qb6 20. Qf3 Bg6 21. e4 Nc7 22. Be3 f5 23. exf5 Bxf5 24. Qd1 Nd5 25. Qd2 Nxe3 26. Qxe3 Rad8 27. g4 Bg6 28. Rc4 Qa5+ 29. Nb4 Bg5 30. Qc3 Bh4 31. Rh2 Qc7 32. Rg2 Be4 33. Rg3 Rxf2 34. Kxf2 Rf8+ 35. Ke2 Bxg3 36. Qe3 Qf7 37. Qxg3 Qxf1+ 38. Ke3 Rf3+ 0-1

[Event "Asia-ch 5th"]
[Site "Hyderabad"]
[Date "2005.10.08"]
[Round "3"]
[White "Sharbaf, Mohsen"]
[Black "Taleb, Moussa"]
[Result "0-1"]
[WhiteElo "2387"]
[BlackElo "2510"]
[PlyCount "104"]
[EventDate "2005.10.05"]
[EventType "swiss"]
[EventRounds "9"]
[EventCountry "IND"]
[SourceTitle "CBM 110"]
[Source "ChessBase"]
[SourceDate "2006.01.31"]
[SourceVersion "1"]
[SourceVersionDate "2006.01.31"]
[SourceQuality "1"]

1. e4 c5 2. Nc3 Nc6 3. f4 g6 4. Nf3 Bg7 5. Bc4 e6 6. f5 Nge7 7. fxe6 dxe6 8. d3 Na5 9. Bb5+ Bd7 10. Bxd7+ Qxd7 11. 0-0 0-0 12. Qe1 Nac6 13. Qh4 Nd4 14. Ng5 h6 15. Nh3 Nxc2 16. Bxh6 Bxh6 17. Qxh6 Qd4+ 18. Kh1 Nxa1 19. Rxa1 Qg7 20. Qg5 Nc6 21. Qxc5 Qe5 22. Qe3 Rad8 23. Ng5 Nd4 24. Rf1 Kg7 25. Nh3 Rh8 26. Nd1 Nc6 27. Qf2 Rd7 28. Ne3 Nb4 29. Ng4 Qd4 30. Qf3 f5 31. Nf4 Re7 32. Nxg6 Kxg6 33. Qg3 Rh5 34. Ne5+ Kf6 35. Ng4+ Kg6 36. Ne5+ Kf6 37. Nf3 Qxd3 38. e5+ Kf7 39. Rc1 Qd8 40. Ng5+ Rxg5 41. Qxg5 Qh8 42. Rc4 Rd7 43. Kg1 Qxe5 44. Qh5+ Ke7 45. Qg5+ Kd6 46. Qd2+ Nd5 47. Rd4 Kc7 48. Qa5+ Kb8 49. Rd1 Qe3+ 50. Kh1 Qb6 51. Qa3 Qd6 52. Qh3 a6 0-1

[Event "Asia-ch 5th"]
[Site "Hyderabad"]
[Date "2005.10.07"]
[Round "2"]
[White "Taleb, Moussa"]
[Black "Singh, DP."]
[Result "1/2-1/2"]
[WhiteElo "2510"]
[BlackElo "2368"]
[PlyCount "54"]
[EventDate "2005.10.05"]
[EventType "swiss"]
[EventRounds "9"]
[EventCountry "IND"]
[SourceTitle "CBM 110"]
[Source "ChessBase"]
[SourceDate "2006.01.31"]
[SourceVersion "1"]
[SourceVersionDate "2006.01.31"]
[SourceQuality "1"]

1. Nf3 Nf6 2. d4 d5 3. c3 Bf5 4. Bf4 c6 5. Nbd2 e6 6. Qb3 b6 7. c4 a5 8. a3 a4 9. Qc3 c5 10. Bxb8 Rxb8 11. e3 b5 12. cxd5 Qxd5 13. dxc5 Bxc5 14. Rc1 Bd6 15. Qd4 b4 16. Bb5+ Ke7 17. Bxa4 Rhc8 18. 0-0 Bd3 19. Rfd1 Rxc1 20. Rxc1 bxa3 21. bxa3 Qxd4 22. Nxd4 Rb2 23. Bc2 Bxa3 24. Nb1 Bxc2 25. Nxa3 Bd3 26. Rd1 Ra2 27. Nc6+ Kd6 1/2-1/2

[Event "Arab-ch"]
[Site "Dubai"]
[Date "2005.09.20"]
[Round "9"]
[White "Al Hadarani, Hatim"]
[Black "Taleb, Moussa"]
[Result "0-1"]
[WhiteElo "2320"]
[BlackElo "2508"]
[PlyCount "91"]
[EventDate "2005.09.12"]
[EventType "swiss"]
[EventRounds "9"]
[EventCountry "UAE"]
[SourceTitle "CBM 108 Extra"]
[Source "ChessBase"]
[SourceDate "2005.11.04"]
[SourceVersion "1"]
[SourceVersionDate "2005.11.04"]
[SourceQuality "1"]

1. Nf3 Nf6 2. c4 e6 3. d4 b6 4. Nc3 Bb4 5. e3 Bb7 6. Bd3 0-0 7. 0-0 Bxc3 8. bxc3 d6 9. a4 a5 10. Re1 Nbd7 11. e4 e5 12. h3 Re8 13. Nd2 Nf8 14. Kh2 Ng6 15. g3 Nd7 16. Ra2 Ndf8 17. Nb3 Ne6 18. f3 Bc8 19. Be3 Qd7 20. Bf1 Qe7 21. Qd2 Bb7 22. Qf2 Rf8 23. Bd3 h5 24. h4 Rfe8 25. c5 bxc5 26. dxc5 d5 27. Bb5 c6 28. Be2 Nc7 29. c4 d4 30. Bd2 Ne6 31. Bxa5 Ba6 32. Bb6 Ngf8 33. f4 Nd7 34. fxe5 Nxe5 35. Nxd4 Nxd4 36. Qxd4 Bxc4 37. Qb2 Bxa2 38. Qxa2 g6 39. a5 Nd7 40. Bc4 Rf8 41. Rf1 Kg7 42. a6 Qxe4 43. a7 Ne5 44. Qg2 Qxc4 45. Qa2 Kh7 46. Qf2 0-1

[Event "Arab-ch"]
[Site "Dubai"]
[Date "2005.09.18"]
[Round "7"]
[White "Adly, Ahmed"]
[Black "Taleb, Moussa"]
[Result "1/2-1/2"]
[WhiteElo "2503"]
[BlackElo "2508"]
[PlyCount "116"]
[EventDate "2005.09.12"]
[EventType "swiss"]
[EventRounds "9"]
[EventCountry "UAE"]
[SourceTitle "CBM 108 Extra"]
[Source "ChessBase"]
[SourceDate "2005.11.04"]
[SourceVersion "1"]
[SourceVersionDate "2005.11.04"]
[SourceQuality "1"]

1. d4 Nf6 2. Nf3 e6 3. e3 b6 4. Bd3 Bb7 5. Nbd2 d5 6. 0-0 Nbd7 7. Ne5 c5 8. b3 a6 9. Bb2 b5 10. Nxd7 Qxd7 11. dxc5 Bxc5 12. a4 b4 13. Qf3 Qe7 14. e4 dxe4 15. Nxe4 Nxe4 16. Bxe4 Bxe4 17. Qxe4 0-0 18. Rad1 Rac8 19. Rd2 Rfd8 20. Rfd1 Rxd2 21. Rxd2 Qg5 22. Qe5 Qxe5 23. Bxe5 f6 24. Bb2 Kf7 25. Kf1 e5 26. Ke2 Ke6 27. Kd1 Bd6 28. h3 g6 29. Re2 h5 30. Kd2 g5 31. g4 Rh8 32. Bc1 hxg4 33. hxg4 Rh4 34. f3 Rh3 35. Ke3 f5 36. gxf5+ Kxf5 37. Rg2 e4 38. Kd4 exf3 39. Rxg5+ Ke6 40. Be3 Bf4 41. Ra5 Rh2 42. Bxf4 f2 43. Rxa6+ Kd7 44. Ra7+ Ke6 45. Ra6+ Kd7 46. Ra7+ Kc8 47. Rc7+ Kd8 48. Bxh2 f1Q 49. Be5 Qd1+ 50. Ke4 Qe2+ 51. Kd5 Qd2+ 52. Ke6 Qh6+ 53. Kf7 Qh7+ 54. Ke6 Qh6+ 55. Kd5 Qd2+ 56. Ke4 Qe2+ 57. Kf5 Qh5+ 58. Ke6 Qh6+ 1/2-1/2

[Event "Arab-ch"]
[Site "Dubai"]
[Date "2005.09.17"]
[Round "6"]
[White "Taleb, Moussa"]
[Black "Najjar, Ahmad"]
[Result "1-0"]
[WhiteElo "2508"]
[BlackElo "2339"]
[PlyCount "69"]
[EventDate "2005.09.12"]
[EventType "swiss"]
[EventRounds "9"]
[EventCountry "UAE"]
[SourceTitle "CBM 108 Extra"]
[Source "ChessBase"]
[SourceDate "2005.11.04"]
[SourceVersion "1"]
[SourceVersionDate "2005.11.04"]
[SourceQuality "1"]

1. Nf3 d5 2. c4 e6 3. g3 Nf6 4. Bg2 Nbd7 5. 0-0 dxc4 6. Qa4 Be7 7. Qxc4 0-0 8. d4 a6 9. Qc2 c5 10. dxc5 Bxc5 11. Nc3 Qe7 12. a3 Rb8 13. b4 Ba7 14. e4 b5 15. e5 Ne8 16. Bg5 f6 17. exf6 gxf6 18. Bf4 e5 19. Bh6 Rf7 20. Nh4 Nb6 21. Kh1 Bb7 22. f4 Rc8 23. Rac1 Bxg2+ 24. Qxg2 Nc4 25. fxe5 Qxe5 26. Bf4 Qh5 27. Nd5 Rd8 28. Rce1 Kf8 29. Nf5 Nxa3 30. g4 Qg6 31. Bh6+ Ng7 32. Nde7 Rxe7 33. Rxe7 Qxh6 34. Nxh6 Kxe7 35. Qe4+ 1-0

[Event "Arab-ch"]
[Site "Dubai"]
[Date "2005.09.15"]
[Round "4"]
[White "Taleb, Moussa"]
[Black "Al Sayed, Mohammed"]
[Result "1/2-1/2"]
[WhiteElo "2508"]
[BlackElo "2478"]
[PlyCount "33"]
[EventDate "2005.09.12"]
[EventType "swiss"]
[EventRounds "9"]
[EventCountry "UAE"]
[SourceTitle "CBM 108 Extra"]
[Source "ChessBase"]
[SourceDate "2005.11.04"]
[SourceVersion "1"]
[SourceVersionDate "2005.11.04"]
[SourceQuality "1"]

1. Nf3 Nf6 2. d4 d6 3. c4 g6 4. Nc3 Bg7 5. g3 0-0 6. Bg2 Nc6 7. 0-0 a6 8. a3 Bg4 9. Be3 Qc8 10. Rc1 Bxf3 11. exf3 e5 12. d5 Ne7 13. Qd2 Nf5 14. Bh3 Nh4 15. Bg2 Nf5 16. Rfd1 Nxe3 17. Qxe3 1/2-1/2